| 000 | 00497nam a2200181Ia 4500 | ||
|---|---|---|---|
| 005 | 20250923144917.0 | ||
| 008 | 008 250917s9999 xx 000 0 eng d | ||
| 037 | _aTextual | ||
| 040 |
_aDSWL _beng _cDSWL |
||
| 041 |
_aeng _2eng |
||
| 084 | _qDSWL | ||
| 100 |
_aRogers, E.M. _9829699 |
||
| 245 | 0 |
_aDiffusion of Innovations _cby E.M. Rogers |
|
| 260 |
_aNew York _bThe Free Press of of Glencoe _c1962 |
||
| 300 | _axiii,367p. | ||
| 942 | _cTEXL | ||
| 999 |
_c1444881 _d1444881 |
||